000 00549nam a2200229Ia 4500
003 OSt
005 20221005133250.0
006 a|||||r|||| 00| 0
007 ta
008 221004b |||||||| |||| 00| 0 eng d
024 _a30651
037 _cTextual
040 _aCRL
_cCRL
_beng
041 _2eng
_aeng
082 _aM7:7, J6
100 _aLunken P Martyn
_9642330
245 0 _aWeaving at home
260 _c1956
650 _aINDUSTRIAL ARTS
942 _hM7:7, J6
_cTEXL
_2cc
999 _c1066293
_d1066293